| 000 | 00333 a2200085 4500 | ||
|---|---|---|---|
| 082 | _a624.183402 SEI | ||
| 245 |
_aseismic evaluation and retrofit of concrete buildings [vol-1] / _cCalifornia Seismic safety commission |
||
| 260 |
_aCalifornia : _cCalifornia Seismic safety commission, _b1996. |
||
| 300 |
_avariouse pages : _bill. ; _c27 cm |
||
| 650 | _aconcrete building | ||
| 999 |
_c1349 _d1349 |
||